Albanian-speaking countries - Statistics

General Stats
  • This quiz has been taken 1,939 times
    1,427 since last reset
  • The average score is 6 of 7
Answer Stats
Answer % Correct
Kosovo
98%
Albania
96%
North Macedonia
93%
Montenegro
92%
Serbia
90%
Italy
79%
Romania
43%
No matching quizzes found
Score Distribution
Percent of People with Each Score
Percentile by Number Answered
Your Score History
You have not taken this quiz since the last reset